Documentos para la historia de mexico /

Guardado en:
Autor Principal: Franco, Jose L.
Formato: Libro
Publicado: La Habana : Archivo Nacional De Cuba, 1961
Materias:
Etiquetas: Agregar Etiqueta
Sin Etiquetas, Sea el primero en etiquetar este registro!
LEADER 00474nam a22001575a 4500
001 EHU.bham013021
003 AR-BHAM
005 20100225152900.0
008 130507s1961##################000#0#####d
082 9 7 |a 972 
100 1 |a Franco, Jose L. 
245 1 0 |a Documentos para la historia de mexico /  |c Jose L. Franco 
260 |a La Habana :  |b Archivo Nacional De Cuba,  |c 1961 
300 |a 498 p. 
653 |a Historia de mexico 
859 |a AR-BHAM  |b BIB. HUMANIDADES - General  |h 972  |i F848  |p 84.62  |t Ej.1